| 000 | 00355nam a2200133Ia 4500 | ||
|---|---|---|---|
| 005 | 20251222144625.0 | ||
| 008 | 251222s9999||||xx |||||||||||||| ||spa|| | ||
| 020 | _a84-7908-258-5 | ||
| 082 | _a868.6/B26 | ||
| 100 | _aBas Albertos, María José | ||
| 245 | 0 | _aLa Poesía Cívica de Jaime García Terrés | |
| 264 | _bUniversidad de Aicante | ||
| 942 | _cLIB | ||
| 999 |
_c16100 _d16100 |
||